000 01091cam a22002054a 4500
005 20250605164122.0
008 250528s ||||||||||||||||||||||||d
035 _a18333
020 _a9602660791
040 _aGR-AtMCL
_bgre
_dGR-AtMCL
_eAACR2
245 1 _aΕισαγωγή στη Στατιστική / Περιγραφική Στατιστική, Εκτιμητική, Διαστήματα Εμπιστοσύνης, Έλεγχοι Υποθέσεων: Μέρος 1
260 _bΣυμμετρία,
_c2000
300 _a484
520 _aΠρόλογος, Εισαγωγή, Οργάνωση και Γραφική Παράσταση Στατιστικών Δεδομένων, Αριθμητικά Περιγραφικά Μέτρα, Οικογένειες Κατανομών, Εκτιμητική, Διαστήματα Εμπιστοσύνης, Έλεγχοι Υποθέσεων, Πίνακες, Βιβλιογραφία.
700 1 _aΔαμιανού Χαράλαμπος
_94607
700 1 _aΚούτρας Μάρκος
_94608
942 _cBK
999 _c3696
_d3696